| 000 | 00823nam a2200253Ia 4500 | ||
|---|---|---|---|
| 003 | OSt | ||
| 005 | 20221005104342.0 | ||
| 006 | a|||||r|||| 00| 0 | ||
| 007 | ta | ||
| 008 | 221004b |||||||| |||| 00| 0 hin d | ||
| 024 | _a24347 | ||
| 037 | _cTextual | ||
| 040 |
_aCRL _cCRL _bhin |
||
| 041 |
_2hin _ahin |
||
| 082 | _aO152,3N38,VA, N6 | ||
| 100 | _aमान, ज्ञान सिंह | ||
| 245 | 0 | _aवेदना और वरदान | |
| 246 | _aVedanā aur varadāna | ||
| 260 |
_aदिल्ली _bप्रेम प्रकाशन मंदिर भारत _c1996 |
||
| 300 |
_a117पृ0 _ccm. |
||
| 650 | _aहिन्दी साहित्य | ||
| 942 |
_hO152,3N38,VA, N6 _cTEXL _2cc |
||
| 999 |
_c1012442 _d1012442 |
||